000 00398nam a2200169Ia 4500
008 230524s9999 xx 000 0 und d
020 _a8120309715
082 _a621.382
_bHUE
100 _aLawrence P.Huelsman
245 0 _aBasic Circuit Theory
250 _a3RD
260 _aNEW DELHI
_bPHI
_c2002
300 _aXII;756
500 _aQuantity Number: 4
650 _aElectrical
942 _cBK
999 _c4380
_d4380